Vzťah medzi sémantickou a tematickou štruktúrou textu

Podrobná bibliografia
Hlavný autor: Vaňko, Juraj, 1945- (Autor)
Médium: Článok
Jazyk:slovenčina

MARC

LEADER 00000nab a2200000uu 4500
001 vtls010883278
003 SK-MaSNL
005 20260303145147.0
008 230222|1998 xo |||||||||||||||||slo|
015 |a SNBRB 
035 |a (urnnbn)urn:nbn:sk:snk:ar-00246n 
035 |a (uuid)3a86a52d-ace9-4ce2-b406-1e532ebd53b1 
035 |a urn:nbn:sk:snk-ab8euf 
040 |a SNKBUCL  |b slo  |c SNKBUCL  |e AACR2 
041 0 |a slo 
044 |a xo  |c SK 
100 1 |a Vaňko, Juraj,  |4 aut  |d 1945-  |9 26399 
245 1 0 |a Vzťah medzi sémantickou a tematickou štruktúrou textu  |c Juraj Vaňko 
773 0 |t Acta Nitriensiae : zborník Filozofickej fakulty Univerzity Konštantína Filozofa v Nitre  |g Č. 1 (1998), s. 219-235 
954 |a odborná, vedecká literatúra pôvodná (slovenská)  |2 lita 
958 |a OND 
958 |a EUIPO 
958 |a article10 
999 |c 2000989  |d 2002919